| 000 | 00469nam a2200181Ia 4500 | ||
|---|---|---|---|
| 008 | 140626s9999 xx 000 0 und d | ||
| 100 | _aRoyeca, Jon. | ||
| 245 |
_aRizal as a pioneering Fililipino historian and linguist / _cJon Royeca. |
||
| 260 | _cc2012. | ||
| 300 | _a61 : 7, page 261 | ||
| 440 | _aThe Modern Teacher | ||
| 521 | _aSPED | ||
| 650 | _aFilipino hero. | ||
| 650 | _aHistorian. | ||
| 650 | _aJose Rizal. | ||
| 650 | _aLinguist. | ||
| 942 | _cSE | ||
| 999 |
_c120997 _d120997 |
||